Teológia tvárou k životu /

Hlavní autor: Michalko, Ján, 1912-1990
Jazyk: Slovenština
Vydáno: Bratislava : Cirkevné nakladateľstvo, 1986
Fyzický popis: 101 s.
Knihy
Uloženo v:
LEADER 00713nam a22002052a 4500
001 000363238
003 CZ BrMZK
005 20050110103003.0
007 ta
008 980105s1986 xo f slo d
040 |a BOA001  |b cze 
080 |a 284:327.64  |2 MRF 
100 1 |a Michalko, Ján,  |d 1912-1990  |7 jx20040726051  |4 com 
245 1 0 |a Teológia tvárou k životu /  |c Zost. Ján Michalko. 
260 |a Bratislava :  |b Cirkevné nakladateľstvo,  |c 1986 
300 |a 101 s. 
910 |a BOA001  |b 2-0916.599 
990 |a BK 
996 6 |b 2619352887  |c 2-0916.599  |l MZK  |r Sklad / do 1 hodiny  |n 0  |w 000363238  |u 000020  |a 1  |e BOA001  |j MZK50  |s P 
996 7 |b 2619824998  |c 2-0916.599  |l MZK  |r Sklad / do 1 hodiny  |n 0  |w 000363238  |u 000010  |a 1  |e BOA001  |j MZK50  |s A